Responses for Show #3230 - Friday, September 25, 1998

Contestants

[<< previous game]

Marianne Vahey, a physician from Woodbridge, Connecticut

Barry Berlin, an investment manager from Atlanta, Georgia (whose 1-day cash winnings total $4,200)

Hans Krimm, a college professor from Hampden Sydney, Virginia (whose 2-day cash winnings total $10,999)

[next game >>]

Jeopardy! Round responses

1930S SCIENCE
PINK MUSIC
EUROPEAN HISTORY
EMILY POST SAYS...
BEER BASH!
(Alex: That's what Emily Post says!)
ANIMAL GROUPS
    $100 1
Sound barrier

Hans
    $100 21
Pink Floyd

Hans
    $100 4
Paris

Barry
    $100 10
"Fore!"

Barry
    $100 16
Corona

Barry
    $100 15
Troop

Hans
    $200 2
(Hans: What is radar?)

FM (Frequency Modulation)

Hans
Triple Stumper
    $200 5
Italy

Barry
    $200 11
Time to go home/the party's over

Barry
    $200 17
Israel

Barry
    $200 23
(Alex: Less than a minute.)

Leopards

Marianne
    $300 3
General Electric

Marianne
    $300 6
The Messiah

Barry
    $300 12
"The Star-Spangled Banner" (National Anthem)

Barry
    $300 18
Wheat

Barry
    $300 24
(Marianne: What is a troupe?)

Cast

HansMarianne
    $400 9
Uranium

Marianne
    $400 27
"Hotel California"

Hans
    $400 7
Free Trade

Barry
    $400 13
Master

Barry
    $400 19
Rolling Rock

Barry
    $400 25
Foxes

Marianne
    $500 22
Positron

Hans
    $500 28
[The end-of-round signal sounds.]

Tori Amos

Triple Stumper
    $500 8
Romanov

Hans
    $500 14
Umbrella

Marianne
    $1,000 20
(Alex: Obviously, you've found your category!)

Munich

Barry
    $500 26
Congregation

Barry

Scores at the first commercial break (after clue 12):

Hans Barry Marianne
$400 $1,600 $700

Scores at the end of the Jeopardy! Round:

Hans Barry Marianne
$1,800 $4,500 $1,500

Double Jeopardy! Round responses

POETS & POETRY
LATINAS
HERE'S LOOKING AT ME
SEOUL SEARCHING
BETTE DAVIS FILMS
BEFORE & AFTER
    $200 2
Henry Wadsworth Longfellow

Marianne
    $200 1
Selena

Hans
    $200 5
Vincent Van Gogh

Barry
    $200 14
(Hans: Who is the prime minister?)

President

HansBarry
    $200 15
"Whatever Happened to Baby Jane?"

Barry
    $200 18
"A Tempest in a Teapot Dome"

Marianne
    $400 9
Meals

Marianne
    $400 3
(Marianne: What is the violin?)

Piano

Marianne
Triple Stumper
    $400 6
Rembrandt

Triple Stumper
    $400 23
Manhattan

Barry
    $400 16
Leslie Howard

Triple Stumper
    $400 22
"B.B. King Of The Hill"

Triple Stumper
    $600 10
"Song Of Myself"

Hans
    $600 4
(Hans: What is Secretary of the Treasury?)

Treasurer of the U.S.

HansBarry
    $1,000 7
Florence

Barry
    $600 17
"The Whales of August"

Marianne
    $800 11
"A thing of beauty is a joy forever"

Triple Stumper
    $800 19
Maria Conchita Alonso

Triple Stumper
    $800 8
Joshua Reynolds

Hans
    $800 24
[The end-of-round signal sounds.]

1988

Barry
    $800 20
"The Virgin Queen" & "The Private Lives of Elizabeth and Essex"

Triple Stumper
    $1000 12
Ezra Pound

Hans
    $1000 13
(Barry: Who is Francis Bacon?)

Parmigianino

Barry
Triple Stumper
    $1,100 21
(Marianne: What is All About Eve?)
(Alex: That came much later.)
...
(Alex: Less than a minute to go.)

Now, Voyager

Marianne

Scores at the end of the Double Jeopardy! Round:

Hans Barry Marianne
$3,600 $6,900 $1,400

[wagering suggestions for these scores]

Final Jeopardy! Round responses

PEOPLE IN POLITICS
(the new mayor of Oakland, California)
MarianneWho is Jerry Brown?
$1,400
HansWho is Pete Wilson?
$3,000
BarryWho is Kennedy
$300
Jerry Brown

Final scores:

Hans Barry Marianne
$600 $6,600 $2,800
3rd place: Fisher 100-Watt Audio Component System 2-day champion: $10,800 2nd place: Trip to Marriott Resort, Marco Island, Florida

Game dynamics:

Coryat scores:

Hans Barry Marianne
$3,600 $6,000 $2,500
11 R,
3 W
21 R
(including 2 DDs),
1 W
9 R,
3 W
(including 1 DD)

Combined Coryat: $12,100

[game clues] [game scores] [suggest correction]

Game tape date: 1998-07-21
The J! Archive is created by fans, for fans. Scraping, republication, monetization, and malicious use prohibited; this site may use cookies and collect identifying information. See terms. The Jeopardy! game show and all elements thereof, including but not limited to copyright and trademark thereto, are the property of Jeopardy Productions, Inc. and are protected under law. This website is not affiliated with, sponsored by, or operated by Jeopardy Productions, Inc. Join the discussion at JBoard.tv.